000 00555nam a2200217Ia 4500
003 OSt
005 20220924151705.0
006 a|||||r|||| 00| 0
007 ta
008 220923b |||||||| |||| 00| 0 tel d
024 _a338685
037 _cTextual
040 _aARTS
_cARTS
_btel
041 _2tel
_atel
082 _aV216jM72, 35L4
245 0 _aAndhra Kesari prakasam birth centuary Volume.
260 _c1974
650 _aTELUGU LANGUAGE
_9155493
942 _hV216jM72, 35L4
_cTEXL
_2CC
999 _c467394
_d467394